| 000 | 00732cam a22002413a 4500 | ||
|---|---|---|---|
| 001 | 29917 | ||
| 003 | PGUSA | ||
| 005 | 20140828083639.0 | ||
| 008 | 090906s2009||||xxu|||||s|||||000 | eng d | ||
| 040 |
_aPGUSA _beng |
||
| 042 | _adc | ||
| 050 | 4 | _aBJ | |
| 100 | 1 |
_aThornton, William Thomas, _d1813-1880 |
|
| 245 | 1 | 0 |
_aOld-Fashioned Ethics and Common-Sense Metaphysics : _bWith Some of Their Applications _h[electronic resource] / _cWilliam Thomas Thornton |
| 260 |
_bProject Gutenberg, _c2009 |
||
| 506 | _aPublic domain in the USA. | ||
| 516 | _aElectronic text | ||
| 653 | _aMetaphysics | ||
| 653 | _aUtilitarianism | ||
| 830 | 0 |
_aProject Gutenberg _v29917 |
|
| 856 | 4 | 0 | _uhttp://www.gutenberg.org/ebooks/29917 |
| 942 | _cEB | ||
| 999 |
_c259172 _d259172 |
||